00493nam a2200157Ia 4500008004100000020001500041082001500056100004800071245004100119250000800160260004200168300002900210500001900239600002700258650005000285240925s9999 xx 000 0 und d a8178084872 a004.01 LEW aHarry, R. Lewis; Papadimitriou ,Christos H. 0aElement of The Theory of Computation a2nd aSingapore:bPearson educationc,2001. axxxi,991p.bNAfOriginal aIncludes Index aEngineering Technology aComputer science, information & general works